BSOP header

Julius Caesar / (Record no. 42140)

MARC details
000 -LEADER
fixed length control field 01124cam a2200337Ja 4500
001 - CONTROL NUMBER
control field 384126
003 - CONTROL NUMBER IDENTIFIER
control field OCoLC
005 - DATE AND TIME OF LATEST TRANSACTION
control field 20180529125140.0
008 - FIXED-LENGTH DATA ELEMENTS--GENERAL INFORMATION
fixed length control field 920729m19921969nyu b 001 0beng
010 ## - LIBRARY OF CONGRESS CONTROL NUMBER
LC control number 92030138
020 ## - INTERNATIONAL STANDARD BOOK NUMBER
International Standard Book Number 9780871317209
020 ## - INTERNATIONAL STANDARD BOOK NUMBER
International Standard Book Number 0871317206
035 ## - SYSTEM CONTROL NUMBER
System control number (OCoLC)26400474
040 ## - CATALOGING SOURCE
Original cataloging agency DLC
Transcribing agency DLC
Modifying agency RIC
-- OCL
-- BTCTA
-- OCLCQ
-- YDXCP
-- OCLCG
-- NIALS
043 ## - GEOGRAPHIC AREA CODE
Geographic area code e------
-- ff-----
-- aw-----
100 1# - MAIN ENTRY--PERSONAL NAME
Personal name Grant, Michael,
Dates associated with a name 1914-2004.
245 10 - TITLE STATEMENT
Title Julius Caesar /
Statement of responsibility, etc Michael Grant.
260 ## - PUBLICATION, DISTRIBUTION, ETC. (IMPRINT)
Place of publication, distribution, etc New York :
Name of publisher, distributor, etc M. Evans & Co,
Date of publication, distribution, etc c1969.
300 ## - PHYSICAL DESCRIPTION
Extent xii, 175 p. ;
Dimensions 22 cm.
336 ## - CONTENT TYPE
Content Type Term text
337 ## - MEDIA TYPE
Media Type Term unmediated
338 ## - CARRIER TYPE
Carrier Type Term volume
504 ## - BIBLIOGRAPHY, ETC. NOTE
Bibliography, etc Includes bibliographical references and index.
600 10 - SUBJECT ADDED ENTRY--PERSONAL NAME
Personal name Caesar, Julius.
650 #0 - SUBJECT ADDED ENTRY--TOPICAL TERM
Topical term or geographic name as entry element Heads of state
Geographic subdivision Rome
Form subdivision Biography.
650 #0 - SUBJECT ADDED ENTRY--TOPICAL TERM
Topical term or geographic name as entry element Generals
Geographic subdivision Rome
Form subdivision Biography.
651 #0 - SUBJECT ADDED ENTRY--GEOGRAPHIC NAME
Geographic name Rome
General subdivision History
Chronological subdivision Republic, 265-30 B.C.
776 08 - ADDITIONAL PHYSICAL FORM ENTRY
Display text Online version:
Main entry heading Grant, Michael, 1914-2004.
Title Julius Caesar.
Place, publisher, and date of publication New York : M. Evans & Co, 1992, c1969
Record control number (OCoLC)656202452
942 ## - ADDED ENTRY ELEMENTS (KOHA)
Source of classification or shelving scheme Library of Congress Classification
Item type Books
Holdings
Withdrawn status Lost status Source of classification or shelving scheme Damaged status Not for loan Home library Current library Shelving location Date acquired Source of acquisition Inventory number Total Checkouts Full call number Barcode Date last seen Price effective from Koha item type
    Library of Congress Classification     BSOP Library BSOP Library Reference 05/29/2018 Donation by Drs. George and Anne Harper 41321   DG261.J94 G76 1969 00052321 05/29/2018 05/29/2018 Books
BSOP

Biblical Seminary of the Philippines
  All rights Reserved
  © 2024

CONTACT INFORMATION

Biblical Seminary of the Philippines,
  77-B Karuhatan Road, Valenzuela City,
  PHILIPPINES 1441
  Phone: +632 8292-6795 / 8292-6798
  Fax : +632 8292-6675
  Email: library@bsop.edu.ph